000 00475nam a2200181Ia 4500
005 20260429111851.0
008 260429s9999||||xx |||||||||||||| ||und||
020 _a9798887153810
041 _aEnglish
082 _a363.34929
_bAND
100 _aAnderson, Martin
245 0 _aDrought management /
_cMartin Anderson
250 _a1st ed.
260 _aUnited States :
_bOryson Press,
_c2024.
300 _avi, 291 p. ; hb
650 _aDrought management
942 _cTB
999 _c51200
_d51200